| 000 | 00652nam a2200205 a 4500 | ||
|---|---|---|---|
| 001 | 000041584 | ||
| 005 | 20201002035642.0 | ||
| 008 | 131011s1979 sp 000 0 spa d | ||
| 020 | _a8425311675 | ||
| 040 |
_aDO-SdBNP _bspa _cBNPHU |
||
| 082 |
_axxxxx _bxxxxx |
||
| 100 | 1 |
_aDyer, Wayne W. _960534 |
|
| 245 | 1 | 0 |
_aEvite ser utilizado : _btécnicas dinámicas para gozar de la vida sin ser manipulado / _cWayne W. Dyer , prólogo Susan Dyer. |
| 250 | _a9a ed. | ||
| 260 |
_aBarcelona, _c1979. |
||
| 300 |
_a358 p. ; _c19 cm. |
||
| 490 | 1 | _aAutoayuda y superación | |
| 700 | 1 |
_aDyer, Susan, _epról. _963585 |
|
| 830 | 0 |
_aAutoayuda y superación _951987 |
|
| 999 |
_c41074 _d41074 |
||